[Event "World Youth Open U18 2016"]
[Site "Khanty-Mansiysk RUS"]
[Date "2016.09.26"]
[Round "5.2"]
[White "Hakobyan, Aram"]
[Black "Petrosyan, Manuel"]
[Result "0-1"]
[WhiteTitle "FM"]
[BlackTitle "IM"]
[WhiteElo "2417"]
[BlackElo "2530"]
[WhiteFideId "13306677"]
[BlackFideId "13300857"]
[EventDate "2016.09.22"]

1. Nf3 c5 2. e4 d6 3. Nc3 e5 4. Bc4 Nc6 5. d3 Be7 6. O-O h6 7. Ne1 Nf6 8. f4
exf4 9. Bxf4 O-O 10. Nf3 Be6 11. Qd2 Nxe4 12. Nxe4 d5 13. Bxd5 Qxd5 14. Rae1 Kh7
15. b3 Rae8 16. Kh1 b6 17. Re3 Nd4 18. c4 Nxf3 19. Rexf3 Qh5 20. Bd6 f5 21. Ng3
Qg5 22. Qxg5 hxg5 23. Bxe7 Rxe7 24. Kg1 Kg6 25. Re1 f4 26. Ne4 Bf5 27. g3 Bg4
28. Rff1 Rd7 29. Nf2 Bf5 30. Re5 Bxd3 31. Rfe1 f3 32. Nh3 Be2 33. Rxg5+ Kf6 34.
Rd5 Rxd5 35. cxd5 g5 36. d6 Rd8 37. Nf2 Ke5 38. Nd3+ Kd4 39. Nf2 Rxd6 40. Ng4
Kc3 41. Kf2 Kb2 42. Rh1 Kxa2 43. h4 gxh4 44. gxh4 Kxb3 45. h5 c4 46. h6 c3 47.
h7 Rd8 48. Nf6 Rh8 49. Ke3 c2 50. Kd2 Kb2 51. Rc1 Rd8+ 0-1

[Event "World Youth Open U18 2016"]
[Site "Khanty-Mansiysk RUS"]
[Date "2016.09.26"]
[Round "5.3"]
[White "Lorparizangeneh, Shahin"]
[Black "Zakaryan, David"]
[Result "1/2-1/2"]
[WhiteTitle "IM"]
[BlackTitle "FM"]
[WhiteElo "2478"]
[BlackElo "2377"]
[WhiteFideId "12521604"]
[BlackFideId "24101923"]
[EventDate "2016.09.22"]

1. c4 Nf6 2. Nf3 g6 3. Nc3 d5 4. cxd5 Nxd5 5. h4 Bg7 6. e4 Nxc3 7. dxc3 Qxd1+ 8.
Kxd1 Bg4 9. Kc2 Nc6 10. Be3 O-O 11. Nd2 Rfd8 12. h5 a6 13. a4 Be6 14. a5 Ne5 15.
f3 f5 16. Be2 fxe4 17. Nxe4 Bf5 18. Ra4 Rd5 19. Rb4 Rxa5 20. h6 Bf8 21. Rxb7 Ng4
22. Bc4+ Kh8 23. Bf4 Nf6 24. Re1 c6 25. Kb3 Bxe4 26. fxe4 Rh5 27. Be2 Nxe4 28.
Rb4 Nc5+ 29. Kc2 Rf5 30. g4 Rf7 31. g5 e6 32. Rc4 Be7 33. Bg4 Rd8 34. Bxe6 Rxf4
35. Rxf4 Nd3 36. Rff1 Nxe1+ 37. Rxe1 Bxg5 38. Rh1 Rd2+ 39. Kb3 Bf4 40. Bc4 a5
41. Re1 Rd8 42. Rh1 Rd2 43. Re1 Bxh6 44. Re8+ Kg7 45. Re7+ Kh8 46. Re8+ Kg7 47.
Re7+ Kf6 48. Rxh7 Bg7 49. Rh1 g5 50. Rf1+ Ke5 51. Re1+ Kd6 52. Re2 Rxe2 53. Bxe2
Kc5 54. Bf3 Be5 55. Be2 Bf4 56. Bf3 Bc7 57. Be2 Bb6 58. Bf3 Bc7 59. Be2 Kb6 60.
Ka4 Be5 61. Bf3 c5 62. Be2 Bc7 63. Kb3 Bf4 64. Ka4 Bd2 65. Kb3 Kc6 66. Ka4 Bc1
67. b4 axb4 1/2-1/2

[Event "World Youth Open U18 2016"]
[Site "Khanty-Mansiysk RUS"]
[Date "2016.09.26"]
[Round "5.4"]
[White "Jarmula, Lukasz"]
[Black "Nguyen, Hoang Duc"]
[Result "0-1"]
[WhiteTitle "IM"]
[WhiteElo "2466"]
[BlackElo "1874"]
[WhiteFideId "1160664"]
[BlackFideId "12403865"]
[EventDate "2016.09.22"]

1. d4 Nf6 2. c4 g6 3. Nc3 Bg7 4. e4 d6 5. Bd3 O-O 6. Nge2 c5 7. d5 e6 8. Bg5 Qa5
9. O-O exd5 10. exd5 a6 11. Qd2 Nbd7 12. f4 h6 13. Bh4 Re8 14. Rae1 b5 15. cxb5
axb5 16. Bxb5 Ne4 17. Nxe4 Rxe4 18. Nc3 Bd4+ 19. Bf2 Rxe1 20. Rxe1 Bxc3 21. Qxc3
Qxb5 22. Re8+ Nf8 23. Rxf8+ Kxf8 24. Qh8+ Ke7 25. Bh4+ g5 26. fxg5 Qf1+ 27. Kxf1
Ba6+ 0-1

[Event "World Youth Open U18 2016"]
[Site "Khanty-Mansiysk RUS"]
[Date "2016.09.26"]
[Round "5.5"]
[White "Thybo, Jesper Sondergaard"]
[Black "Mousavi, Seyed Khalil"]
[Result "0-1"]
[WhiteTitle "FM"]
[BlackTitle "IM"]
[WhiteElo "2358"]
[BlackElo "2412"]
[WhiteFideId "1438832"]
[BlackFideId "12511099"]
[EventDate "2016.09.22"]

1. c4 c5 2. Nc3 Nc6 3. Nf3 Nf6 4. g3 d5 5. cxd5 Nxd5 6. Bg2 Nc7 7. O-O e5 8. d3
Be7 9. Nd2 O-O 10. Nc4 f6 11. f4 exf4 12. gxf4 g6 13. Be3 Be6 14. Bxc6 bxc6 15.
Qa4 Qd7 16. Ne4 Bd5 17. Bf2 Ne6 18. e3 g5 19. Bg3 gxf4 20. Bxf4 Nxf4 21. Rxf4
Qh3 22. Rf2 f5 23. Ng3 Bh4 24. e4 fxe4 25. Rg2 exd3 26. Ne4+ Kh8 27. Ncd6 Rg8 0-1

[Event "World Youth Open U18 2016"]
[Site "Khanty-Mansiysk RUS"]
[Date "2016.09.26"]
[Round "5.6"]
[White "Plenca, Jadranko"]
[Black "Rahman, Adel"]
[Result "1/2-1/2"]
[WhiteTitle "FM"]
[BlackTitle "FM"]
[WhiteElo "2396"]
[BlackElo "2324"]
[WhiteFideId "14527146"]
[BlackFideId "14204177"]
[EventDate "2016.09.22"]

1. e4 c5 2. Nf3 d6 3. Bb5+ Nd7 4. c3 Nf6 5. Qe2 a6 6. Ba4 b5 7. Bc2 Bb7 8. d4 g6
9. a4 Bg7 10. e5 Bxf3 11. gxf3 dxe5 12. dxe5 Nd5 13. e6 fxe6 14. axb5 axb5 15.
Rxa8 Qxa8 16. Qxb5 Nc7 17. Qa4 Qxf3 18. Be4 Qg4 19. h3 Qh4 20. Bf4 Nd5 21. Bxd5
exd5 22. Qa8+ Nb8 23. Qxb8+ Kf7 24. Qc7 Bh6 25. Qe5 Qxf4 26. Qxd5+ e6 27. Qd7+
Kf6 28. O-O Rb8 29. Re1 Qg5+ 30. Kf1 Qd5 31. Qxd5 exd5 32. Re2 Bc1 33. b4 d4 34.
Rc2 dxc3 35. Nxc3 Ba3 36. Nd5+ Kf5 1/2-1/2

[Event "World Youth Open U18 2016"]
[Site "Khanty-Mansiysk RUS"]
[Date "2016.09.26"]
[Round "5.7"]
[White "Krishna Teja, N"]
[Black "Kollars, Dmitrij"]
[Result "0-1"]
[WhiteTitle "IM"]
[BlackTitle "IM"]
[WhiteElo "2268"]
[BlackElo "2491"]
[WhiteFideId "5001498"]
[BlackFideId "12909572"]
[EventDate "2016.09.22"]

1. d4 d5 2. c4 c6 3. Nf3 Nf6 4. e3 Bf5 5. cxd5 cxd5 6. Nc3 Nc6 7. Ne5 a6 8. Be2
Rc8 9. Bd3 Bxd3 10. Qxd3 e6 11. Nxc6 Rxc6 12. Bd2 Bd6 13. O-O O-O 14. Rfc1 Qc7
15. h3 Rc8 16. Kf1 Bb4 17. Ke2 Bxc3 18. Rxc3 Qh2 19. Rac1 Rxc3 20. Rxc3 Re8 21.
Qc2 h5 22. Rc8 Rxc8 23. Qxc8+ Kh7 24. Qxb7 Qxg2 25. Qxa6 Ne4 26. Be1 Qxh3 27. f3
Ng5 28. Qd3+ g6 29. e4 Qg2+ 30. Kd1 Qxb2 31. Qd2 Qb1+ 32. Ke2 Nh3 33. exd5 Qb5+
34. Ke3 Qxd5 35. Qh2 Qg5+ 36. f4 Qf5 37. Bg3 f6 38. a4 g5 39. fxg5 fxg5 40. Qe2
Nf4 41. Bxf4 Qxf4+ 42. Kd3 Qf5+ 43. Kc4 g4 44. Qh2 Qd5+ 45. Kb4 Qxd4+ 46. Kb5
Qd5+ 47. Kb6 Qb3+ 48. Kc7 Kg6 49. a5 Qc3+ 50. Kb6 g3 51. Qa2 Qd4+ 52. Kc7 Qe5+
53. Kc8 Qc5+ 54. Kb8 Qd6+ 55. Kc8 Qc6+ 56. Kb8 g2 57. Qb1+ Kg5 58. Qg1 Qb5+ 59.
Kc8 Qf1 60. Qe3+ Kf5 61. Qh3+ Kf6 62. Qh4+ Kg6 63. Qe4+ Kg5 64. Qe5+ Kg4 65.
Qe4+ Kg3 66. Qg6+ Kh4 67. Qe4+ Kg3 68. Qg6+ Kf2 69. Qf6+ Ke1 70. Qc3+ Ke2 71.
Qe5+ Kd2 72. Qg5+ Kc3 73. Qg3+ Kb4 74. Qd6+ Kxa5 75. Qe5+ Kb4 76. Qb2+ Kc4 77.
Qc2+ Kd4 78. Qd2+ Ke4 79. Qb4+ Kf3 80. Qc3+ Kg4 81. Qg7+ Kh3 82. Qc3+ Kg4 83.
Qd4+ Kh3 84. Qe3+ Kg4 85. Qe4+ Kg5 86. Qe5+ Qf5 87. Qg7+ Qg6 88. Qe5+ Kh4 89.
Qh2+ Kg5 90. Qxg2+ Kh6 91. Qd2+ Kg7 92. Qc3+ Kg8 93. Qd2 Qf5 94. Qa2 Kh7 95. Qh2
e5+ 96. Kd8 Kh6 97. Ke7 e4 98. Qd6+ Qg6 99. Qh2 e3 100. Qe2 Qe4+ 101. Kf6 Qf4+
102. Ke7 h4 103. Qa6+ Kg5 104. Qb5+ Qf5 105. Qe2 Qe4+ 106. Kd8 Qd4+ 107. Ke7
Qe5+ 108. Kf8 h3 109. Kg8 h2 110. Qg2+ Kh4 111. Kf8 Qf4+ 112. Ke8 e2 113. Qxe2
h1=Q 114. Qe7+ Kg3 0-1

[Event "World Youth Open U18 2016"]
[Site "Khanty-Mansiysk RUS"]
[Date "2016.09.26"]
[Round "5.8"]
[White "Meunier, Clement2"]
[Black "Sanal, Vahap"]
[Result "0-1"]
[WhiteTitle "FM"]
[BlackTitle "IM"]
[WhiteElo "2290"]
[BlackElo "2477"]
[WhiteFideId "20667930"]
[BlackFideId "6300545"]
[EventDate "2016.09.22"]

1. e4 e5 2. Nf3 Nc6 3. Bc4 Nf6 4. Ng5 d5 5. exd5 Na5 6. Bb5+ c6 7. dxc6 bxc6 8.
Bd3 Nd5 9. Nf3 Bd6 10. O-O O-O 11. Re1 Re8 12. Nc3 Bg4 13. Be2 Nf4 14. d3 Nxe2+
15. Qxe2 f5 16. Qe3 c5 17. h3 Bh5 18. Nh2 Nc6 19. Qg5 Qxg5 20. Bxg5 Nd4 21. Rac1
f4 22. g4 Bf7 23. f3 c4 24. Ne4 cxd3 25. c3 Ne6 26. Nxd6 d2 27. Nxe8 Nxg5 28.
Nd6 Nxh3+ 29. Kg2 Ng5 30. Red1 dxc1=Q 31. Rxc1 Rd8 32. Nxf7 Kxf7 33. Nf1 Rd3 0-1

[Event "World Youth Open U18 2016"]
[Site "Khanty-Mansiysk RUS"]
[Date "2016.09.26"]
[Round "5.9"]
[White "Rajkovic, Mladen"]
[Black "Dragnev, Valentin"]
[Result "0-1"]
[BlackTitle "IM"]
[WhiteElo "2275"]
[BlackElo "2430"]
[WhiteFideId "930660"]
[BlackFideId "1634852"]
[EventDate "2016.09.22"]

1. e4 e5 2. Nf3 Nc6 3. Bb5 a6 4. Ba4 Nf6 5. O-O Be7 6. Qe2 b5 7. Bb3 O-O 8. c3
d5 9. exd5 Nxd5 10. Nxe5 Nxe5 11. Qxe5 Bb7 12. d4 Re8 13. Qh5 Bd6 14. Bg5 Qd7
15. Bc2 h6 16. Nd2 Bf4 17. h4 hxg5 18. Qh7+ Kf8 19. Rae1 Re6 20. Nb3 Rh6 21. Nc5
Qc6 22. Qe4 Rxh4 23. Qf3 Bh2+ 24. Kh1 Bg3+ 25. Kg1 Rh1+ 0-1

[Event "World Youth Open U18 2016"]
[Site "Khanty-Mansiysk RUS"]
[Date "2016.09.26"]
[Round "5.10"]
[White "Vogel, Roven"]
[Black "Urazayev, Arystanbek"]
[Result "1-0"]
[WhiteTitle "IM"]
[BlackTitle "CM"]
[WhiteElo "2415"]
[BlackElo "2377"]
[WhiteFideId "12908088"]
[BlackFideId "13709810"]
[EventDate "2016.09.22"]

1. d4 Nf6 2. Nf3 b6 3. Bg5 Bb7 4. Nbd2 e6 5. e3 Be7 6. a4 O-O 7. a5 c5 8. a6 Bc8
9. e4 d5 10. exd5 exd5 11. Bb5 Ne8 12. Bf4 Bd6 13. Bxd6 Nxd6 14. Be2 c4 15. Ne5
Nxa6 16. O-O Nc7 17. Re1 Bb7 18. Bf3 b5 19. b4 Re8 20. Nf1 f6 21. Ng4 Ne4 22.
Qc1 Ne6 23. c3 Qc7 24. g3 a5 25. bxa5 Rxa5 26. Rb1 Bc6 27. Nge3 N6g5 28. Bg2 Qd7
29. f3 Nd6 30. Nc2 Ra2 31. Rxe8+ Qxe8 32. Nfe3 Qh5 33. Qf1 Bd7 34. h4 Ngf7 35.
Nb4 Ra3 36. Nbxd5 Be6 37. Nf4 Qh6 38. Qe1 Rb3 39. Ra1 Bc8 40. Ra8 f5 41. Ned5 g5
42. Ne7+ Kg7 43. hxg5 Nxg5 44. Nxc8 b4 45. Nxd6 Qxd6 46. Ra7+ Kf8 1-0

[Event "World Youth Open U18 2016"]
[Site "Khanty-Mansiysk RUS"]
[Date "2016.09.26"]
[Round "5.11"]
[White "Christiansen, Johan-Sebastian"]
[Black "Vaishali, R"]
[Result "0-1"]
[WhiteTitle "IM"]
[BlackTitle "WIM"]
[WhiteElo "2413"]
[BlackElo "2295"]
[WhiteFideId "1512668"]
[BlackFideId "5091756"]
[EventDate "2016.09.22"]

1. Nf3 Nf6 2. c4 g6 3. g3 Bg7 4. d4 O-O 5. Bg2 d6 6. O-O Nbd7 7. Nc3 e5 8. dxe5
dxe5 9. Qc2 c6 10. Rd1 Re8 11. e4 Qc7 12. b3 Nc5 13. h3 a5 14. Be3 Bf8 15. Rab1
Bd7 16. a3 Ne6 17. b4 axb4 18. axb4 c5 19. Qd2 Ba4 20. Rdc1 cxb4 21. Nd5 Nxe4
22. Qb2 Qb8 23. Nxe5 Bg7 24. Bxe4 Bxe5 25. Qxb4 Bc6 26. Bg2 Kh8 27. Qd2 Ra3 28.
Rd1 Qa8 29. Qe1 Bg7 30. Nb6 Qa6 31. Qf1 Ra2 32. Bxc6 bxc6 33. Rd6 Qa3 34. Rxc6
Nd4 35. Rc8 Rxc8 36. Nxc8 Nf3+ 37. Kg2 Qxe3 38. Nd6 Bd4 39. Rb8+ Kg7 40. Ne8+
Kh6 0-1

[Event "World Youth Open U18 2016"]
[Site "Khanty-Mansiysk RUS"]
[Date "2016.09.26"]
[Round "5.12"]
[White "Saiyn, Zhanat"]
[Black "Akhvlediani, Irakli"]
[Result "1-0"]
[WhiteTitle "IM"]
[WhiteElo "2405"]
[BlackElo "2205"]
[WhiteFideId "13703820"]
[BlackFideId "13601938"]
[EventDate "2016.09.22"]

1. d4 d5 2. c4 c6 3. Nf3 Nf6 4. e3 Bf5 5. Nc3 e6 6. Nh4 Be4 7. f3 Bg6 8. Qb3 Qb6
9. Nxg6 hxg6 10. g3 Nbd7 11. Bg2 Bd6 12. c5 Qxb3 13. axb3 Bc7 14. O-O a6 15. b4
O-O-O 16. e4 Rh5 17. e5 Ng8 18. Ne2 Ne7 19. Be3 Rdh8 20. h3 R5h7 21. g4 f6 22.
Nf4 Nf8 23. Nd3 g5 24. f4 gxf4 25. Bxf4 f5 26. Bg5 Nfg6 27. Nf4 Nxf4 28. Rxf4 g6
29. h4 Bd8 30. Bf6 Rg8 31. g5 Kd7 32. Kf2 Nc8 33. Rh1 1-0

[Event "World Youth Open U18 2016"]
[Site "Khanty-Mansiysk RUS"]
[Date "2016.09.26"]
[Round "5.13"]
[White "Barp, Alberto"]
[Black "Bellahcene, Bilel"]
[Result "0-1"]
[WhiteTitle "FM"]
[BlackTitle "IM"]
[WhiteElo "2244"]
[BlackElo "2483"]
[WhiteFideId "872555"]
[BlackFideId "696358"]
[EventDate "2016.09.22"]

1. d4 e6 2. c4 Nf6 3. Nf3 c5 4. d5 exd5 5. cxd5 d6 6. Nc3 g6 7. Nd2 Bg7 8. e4
O-O 9. Be2 Re8 10. O-O Nbd7 11. a4 a6 12. Qc2 Ne5 13. Re1 g5 14. Nf1 h6 15. Ng3
Rb8 16. Nd1 Ng6 17. Ne3 b5 18. axb5 axb5 19. f3 Nh4 20. Bd2 Bd7 21. Ra6 Qe7 22.
Ra7 Qf8 23. Rea1 Re7 24. R1a5 Ne8 25. Bc3 Bxc3 26. Qxc3 b4 27. Qc1 Ng7 28. e5
Rxe5 29. Rxd7 Qe8 30. Raa7 Rxe3 31. Rxf7 Ngf5 32. Nxf5 Nxf5 33. Rxf5 Rxe2 34.
Rxg5+ Kh8 35. Re5 Rxg2+ 36. Kxg2 Qg6+ 37. Rg5 hxg5 38. Qe3 g4 39. fxg4 Qxg4+ 40.
Qg3 Qe2+ 41. Kh3 Qf1+ 42. Qg2 Qf5+ 43. Qg4 Rf8 44. Kh4 Qf2+ 45. Qg3 Qxb2 46.
Qxd6 Qd4+ 47. Kg5 Rg8+ 48. Kf5 Qg4+ 49. Ke5 Rg5+ 0-1

[Event "World Youth Open U18 2016"]
[Site "Khanty-Mansiysk RUS"]
[Date "2016.09.26"]
[Round "5.14"]
[White "Song, Michael"]
[Black "Krykun, Yuriy"]
[Result "1-0"]
[WhiteTitle "FM"]
[BlackTitle "FM"]
[WhiteElo "2413"]
[BlackElo "2242"]
[WhiteFideId "2613190"]
[BlackFideId "14140667"]
[EventDate "2016.09.22"]

1. d4 Nf6 2. c4 g6 3. Nc3 d5 4. Nf3 Bg7 5. h4 dxc4 6. e4 c5 7. d5 b5 8. h5 O-O
9. hxg6 hxg6 10. e5 Ng4 11. d6 e6 12. Nxb5 Nc6 13. Nc7 Ngxe5 14. Nxe5 Bxe5 15.
Nxa8 Bd4 16. f4 Qxd6 17. Bxc4 Nb4 18. Qe2 Nd5 19. Rf1 Bb7 20. f5 gxf5 21. Bxd5
Qg3+ 22. Kd1 exd5 23. Bf4 Qg7 24. Rf3 Kh8 25. Rg3 Qf6 1-0

[Event "World Youth Open U18 2016"]
[Site "Khanty-Mansiysk RUS"]
[Date "2016.09.26"]
[Round "5.15"]
[White "Sadubayev, Airat"]
[Black "Huber, Martin Christian"]
[Result "1/2-1/2"]
[BlackTitle "FM"]
[WhiteElo "2231"]
[BlackElo "2356"]
[WhiteFideId "13713264"]
[BlackFideId "1623435"]
[EventDate "2016.09.22"]

1. e4 e5 2. Nf3 Nc6 3. Bb5 a6 4. Ba4 Nf6 5. O-O Be7 6. Re1 b5 7. Bb3 d6 8. c3
O-O 9. h3 Bb7 10. d3 Na5 11. Bc2 c5 12. Nbd2 Re8 13. Nf1 Qc7 14. Ng3 g6 15. Bh6
Nc6 16. Nh2 Rad8 17. Qf3 d5 18. Nf5 Bf8 19. Bg5 dxe4 20. dxe4 Re6 21. Ng4 Nxg4
22. Bxd8 Nxd8 23. Qxg4 h5 24. Qg3 c4 25. Ne3 Bh6 26. Nd5 Qc5 27. Rad1 Nc6 28.
Qh4 Kg7 29. a3 Ne7 30. Nxe7 Rxe7 31. Qg3 Qb6 32. Qf3 Bc8 33. Qe2 Be6 34. Rb1 Rc7
35. Red1 Bg5 36. a4 b4 37. cxb4 Qxb4 38. Qf3 Bd2 39. Qe2 Bg5 40. Qf3 Bd2 41. Qe2
Bg5 1/2-1/2

[Event "World Youth Open U18 2016"]
[Site "Khanty-Mansiysk RUS"]
[Date "2016.09.26"]
[Round "5.16"]
[White "Rajdeep, Sarkar"]
[Black "Khusenkhojaev, Mustafokhuja"]
[Result "1/2-1/2"]
[WhiteTitle "FM"]
[WhiteElo "2347"]
[BlackElo "2212"]
[WhiteFideId "25007963"]
[BlackFideId "14700727"]
[EventDate "2016.09.22"]

1. d4 Nf6 2. Nf3 g6 3. Nbd2 d5 4. e3 Bg7 5. b4 O-O 6. c4 c6 7. a4 Bf5 8. Be2
Nbd7 9. O-O Re8 10. Qb3 Ne4 11. Bb2 Ndf6 12. Rac1 Nxd2 13. Nxd2 Ne4 14. Nf3 Bg4
15. Rc2 dxc4 16. Bxc4 Nd6 17. Be2 Be6 18. Qa3 a5 19. Bc3 axb4 20. Bxb4 Nb5 21.
Bxb5 cxb5 22. a5 Bc4 23. Ra1 b6 24. a6 Ra7 25. Nd2 e5 26. Nxc4 bxc4 27. Rxc4
exd4 28. exd4 Bxd4 29. Bc3 Bxc3 30. Rxc3 Qd2 31. Re3 Rea8 32. Rae1 Qd7 33. Re7
Qc6 34. Rxa7 Rxa7 35. Ra1 b5 36. Qa5 b4 37. h4 b3 38. h5 Ra8 39. Qb4 Rxa6 40.
Rxa6 Qxa6 41. Qb8+ 1/2-1/2

[Event "World Youth Open U18 2016"]
[Site "Khanty-Mansiysk RUS"]
[Date "2016.09.26"]
[Round "5.17"]
[White "Toma, Radu-Cristian"]
[Black "Holtman, Teodor"]
[Result "1-0"]
[WhiteElo "2343"]
[BlackElo "2201"]
[WhiteFideId "1217992"]
[BlackFideId "14933721"]
[EventDate "2016.09.22"]

1. Nf3 Nf6 2. c4 g6 3. g3 Bg7 4. Bg2 d6 5. d4 O-O 6. Nc3 c6 7. O-O a6 8. d5 c5
9. a4 Nbd7 10. h3 Rb8 11. e4 Ne8 12. Qe2 Ne5 13. Nh4 Nc7 14. f4 Nd7 15. Nf3 b5
16. axb5 axb5 17. cxb5 Nb6 18. f5 Bd7 19. Bd2 Re8 20. Ra5 Nc8 21. fxg6 fxg6 22.
e5 1-0

[Event "World Youth Open U18 2016"]
[Site "Khanty-Mansiysk RUS"]
[Date "2016.09.26"]
[Round "5.18"]
[White "Gong, Patrick"]
[Black "Timerkhanov, Alexander"]
[Result "0-1"]
[BlackTitle "FM"]
[WhiteElo "2143"]
[BlackElo "2340"]
[WhiteFideId "3222500"]
[BlackFideId "24177938"]
[EventDate "2016.09.22"]

1. e4 c5 2. c3 d6 3. d4 Nf6 4. f3 Nc6 5. Be3 e5 6. d5 Ne7 7. b4 cxb4 8. cxb4 g6
9. Bd3 Bg7 10. Nc3 O-O 11. g4 Ne8 12. Qd2 f5 13. h3 Bd7 14. Nge2 Kh8 15. a3 Nc8
16. Bg5 Bf6 17. Bxf6+ Qxf6 18. O-O-O Nb6 19. Qh6 Ng7 20. exf5 gxf5 21. Qxf6 Rxf6
22. Kd2 Ne8 23. Ng3 Ng7 24. Rc1 Raf8 25. a4 fxg4 26. hxg4 Rxf3 27. Nge2 Rxd3+
28. Kxd3 Bxg4 29. Kd2 Nf5 30. Rcg1 Bf3 31. Rh3 e4 32. Nf4 Nc4+ 33. Ke1 Ne5 34.
Ng6+ Nxg6 35. Rxg6 Rc8 36. Rf6 Bg4 37. Rh2 Rxc3 38. Rg2 Rc1+ 39. Kd2 Rd1+ 40.
Kc3 Ne3 0-1

[Event "World Youth Open U18 2016"]
[Site "Khanty-Mansiysk RUS"]
[Date "2016.09.26"]
[Round "5.19"]
[White "Escalante Ramirez, Brian Sebasti"]
[Black "Vergara Jofre, Felipe"]
[Result "0-1"]
[WhiteTitle "FM"]
[WhiteElo "2302"]
[BlackElo "2115"]
[WhiteFideId "3819566"]
[BlackFideId "3416291"]
[EventDate "2016.09.22"]

1. Nf3 Nf6 2. c4 Nc6 3. d4 e6 4. a3 d6 5. Nc3 g6 6. e4 Bg7 7. h3 O-O 8. Be3 a6
9. Bd3 Rb8 10. O-O e5 11. d5 Ne7 12. c5 Bd7 13. b4 Ne8 14. Qb3 h6 15. Rad1 Kh7
16. c6 bxc6 17. dxc6 Nxc6 18. Bxa6 f5 19. b5 f4 20. Qa4 fxe3 21. bxc6 Bxh3 22.
fxe3 Rb2 23. Be2 Be6 24. Rb1 Rxb1 25. Rxb1 g5 26. Bc4 Bc8 27. Rb8 g4 28. Rxc8
Qxc8 29. Nh4 g3 30. Nf5 Rxf5 31. exf5 Qxf5 32. Ne4 Qg4 33. Bd3 Kg8 34. Qb3+ Kf8
35. Nd2 h5 36. a4 Bh6 37. Nf1 h4 38. Bc2 Qe2 39. Qd3 Qf2+ 40. Kh1 e4 41. Qc4 d5 0-1

[Event "World Youth Open U18 2016"]
[Site "Khanty-Mansiysk RUS"]
[Date "2016.09.26"]
[Round "5.20"]
[White "Sukovic, Andrej"]
[Black "Bayramov, Zaur"]
[Result "0-1"]
[WhiteElo "2114"]
[BlackElo "2297"]
[WhiteFideId "16502310"]
[BlackFideId "13405080"]
[EventDate "2016.09.22"]

1. e4 g6 2. d4 Bg7 3. Nc3 c6 4. Nf3 d6 5. Be3 Bg4 6. h3 Bxf3 7. Qxf3 Nd7 8.
O-O-O Qa5 9. g4 Rc8 10. h4 h6 11. Kb1 b5 12. e5 b4 13. Ne4 d5 14. Ng3 e6 15. h5
g5 16. Bd3 Ne7 17. Qg2 c5 18. Rhe1 cxd4 19. Bxd4 Nc6 20. Nf5 Nxd4 21. Nxd4 Bxe5
22. Bg6 O-O 23. Nf5 Qc5 24. f4 fxg6 25. Nxh6+ Kh7 26. hxg6+ Kxg6 27. Qh2 Bxf4
28. Qh5+ Kg7 0-1

[Event "World Youth Open U18 2016"]
[Site "Khanty-Mansiysk RUS"]
[Date "2016.09.26"]
[Round "5.21"]
[White "Yang, Ching Wei Austin"]
[Black "Kandil, Adham"]
[Result "0-1"]
[WhiteTitle "FM"]
[BlackTitle "IM"]
[WhiteElo "1997"]
[BlackElo "2277"]
[WhiteFideId "16300440"]
[BlackFideId "10618490"]
[EventDate "2016.09.22"]

1. e4 c5 2. Nf3 d6 3. d4 cxd4 4. Nxd4 Nf6 5. Nc3 a6 6. Bg5 Nbd7 7. Bc4 Qb6 8.
Bb3 e6 9. O-O Be7 10. Kh1 O-O 11. f4 Nc5 12. Qe2 Re8 13. Rad1 Qc7 14. e5 dxe5
15. fxe5 Nfd7 16. Bxe7 Rxe7 17. Nf3 b5 18. Ne4 Nxe4 19. Qxe4 Bb7 20. Qh4 Rae8
21. Ng5 h6 22. Nxf7 Rxf7 23. Rxf7 Kxf7 24. Qh5+ Kf8 25. Rf1+ Ke7 26. Qf7+ Kd8
27. Bxe6 Qc6 28. Bh3 Rxe5 29. Qxg7 Rg5 30. Qh8+ Kc7 31. Rf2 Re5 32. Rf1 Qf6 33.
Qxf6 Nxf6 34. Kg1 Nd5 35. g3 Re2 36. Rf2 Re1+ 37. Rf1 Rxf1+ 38. Bxf1 Ne3 39. Bd3
Kd6 40. h4 Ke5 41. Kf2 Nd1+ 42. Ke2 Nxb2 0-1

[Event "World Youth Open U18 2016"]
[Site "Khanty-Mansiysk RUS"]
[Date "2016.09.26"]
[Round "5.22"]
[White "Kolver, Chris"]
[Black "Kalogeris, Ioannis"]
[Result "0-1"]
[WhiteTitle "CM"]
[WhiteElo "1991"]
[BlackElo "2271"]
[WhiteFideId "14307820"]
[BlackFideId "4239563"]
[EventDate "2016.09.22"]

1. d4 Nf6 2. c4 e6 3. Nc3 Bb4 4. f3 c5 5. a3 Ba5 6. d5 O-O 7. e4 exd5 8. cxd5
Nh5 9. Nh3 d6 10. Nf2 Qf6 11. Bd2 a6 12. a4 Re8 13. g3 g6 14. Be2 Qd4 15. O-O f5
16. Kg2 Nd7 17. Re1 Ndf6 18. Qc2 fxe4 19. fxe4 Rf8 20. Rf1 c4 21. Rad1 Qc5 22.
Bh6 Ng7 23. e5 Bf5 24. Nfe4 Bxc3 25. exf6 Bxe4+ 26. Qxe4 Bxf6 27. Qxc4 Qxc4 28.
Bxc4 b5 29. axb5 axb5 30. Bxg7 Kxg7 31. Bxb5 Rab8 32. Bd7 Rxb2+ 33. Rf2 Rxf2+
34. Kxf2 Bd4+ 35. Ke1 Bc5 36. Rc1 Kf6 37. Rc4 Ke5 38. Be6 Ra8 39. Rh4 Ra7 40.
Ke2 h5 41. Kd3 Ra3+ 42. Ke2 Ra2+ 43. Kd3 Ra3+ 44. Ke2 Be3 45. Bf7 Bg5 46. Rb4
Kf6 47. Be6 Ra2+ 48. Kf3 Rxh2 49. Rb7 Bh6 50. Rf7+ Ke5 51. Rh7 Bd2 52. Bf7 Kf6
53. Be8 Be1 54. Rf7+ Kg5 55. Ke3 Kg4 56. Rf6 g5 57. Rxd6 Bxg3 58. Rh6 Bf4+ 59.
Kd4 h4 60. Bd7+ Kg3 61. Bf5 h3 62. d6 Rd2+ 63. Kc3 h2 64. Rh3+ Kg2 65. d7 Rd1
66. Rh5 Rd6 67. Rh6 Be5+ 68. Kc4 Rd4+ 69. Kc5 h1=Q 70. Be4+ Rxe4 71. Rxh1 Rd4
72. Rh5 g4 73. Kc6 Bf4 74. Rh8 Rd6+ 0-1

[Event "World Youth Open U18 2016"]
[Site "Khanty-Mansiysk RUS"]
[Date "2016.09.26"]
[Round "5.23"]
[White "Patrascu, Catalin-Lucian"]
[Black "Khodashenas, Mersad"]
[Result "0-1"]
[WhiteTitle "FM"]
[WhiteElo "2263"]
[BlackElo "2394"]
[WhiteFideId "1229052"]
[BlackFideId "12514195"]
[EventDate "2016.09.22"]

1. e4 e5 2. Nf3 Nc6 3. Nc3 Nf6 4. Bb5 Bb4 5. O-O O-O 6. d3 d6 7. Ne2 Bg4 8. c3
Bc5 9. Ng3 Nh5 10. Kh1 f6 11. Nf5 Ne7 12. Ne3 Bxe3 13. Bxe3 Nf4 14. d4 Neg6 15.
g3 c6 16. gxf4 cxb5 17. f5 Kh8 18. fxg6 d5 19. Rg1 Bh5 20. gxh7 dxe4 21. Nxe5
Bxd1 22. Ng6+ Kxh7 23. Nxf8+ Qxf8 24. Raxd1 Qd6 25. Rg4 Re8 26. Rdg1 Re7 27.
Rh4+ Kg8 28. Rh5 0-1